| 000 | nam a22 7a 4500 | ||
|---|---|---|---|
| 999 |
_c139117 _d139115 |
||
| 005 | 20180313120753.0 | ||
| 008 | 180313b fr||||| |||| 00| 0 fre d | ||
| 020 | _a2718606207 | ||
| 050 | 0 | 4 |
_aHV6432 .7 _bD47 2005 |
| 100 | 1 | _aDerrida, Jacques | |
| 245 | 1 | 3 |
_aLe "concept" du 11 septembre : _bdialogues à New York (octobre-décembre 2001) avec Giovanna Borradori / _cJacques Derrida, Jürgen Habermas ; tr. Allemand, Christian Bouchindhomme ; tr. de l´anglais Sylvette Gleize |
| 250 | _a1a ed. | ||
| 260 |
_aParis, Francia : _bGalilée, _c2005 |
||
| 300 |
_a243 p. ; _c24 cm. |
||
| 490 | 0 | _aLa Philosophie en effet. | |
| 500 | _aTraducción de: Philosophy in a Time of Terror | ||
| 600 | 1 |
_aHabermas, Jürgen, _d1929- _xEntrrevistas |
|
| 600 | 1 |
_aDerrida, Jacques, _d1930-2004 |
|
| 650 | 4 | _a11 de septiembre: ataques terroristas 2001 | |
| 650 | 4 |
_a11 de septiembre de 2001, Ataques de Estados Unidos _xFilosofía. |
|
| 700 | 1 |
_aHabermas, Jürguen, _ecoaut. |
|
| 942 |
_2lcc _cLIB |
||